[Event "FRA-chT1 0910"]
[Site "France"]
[Date "2009.11.22"]
[Round "5.8"]
[White "Louche, Herve"]
[Black "Wilson, Alexandra"]
[Result "1/2-1/2"]
[WhiteElo "1804"]
[BlackElo "2089"]
[PlyCount "70"]
[EventDate "2009.09.27"]
[EventType "team-tourn"]
[EventRounds "11"]
[EventCountry "FRA"]
[SourceTitle "EXT 2011"]
[Source "ChessBase"]
[SourceDate "2010.11.26"]
[SourceVersion "1"]
[SourceVersionDate "2010.11.26"]
[SourceQuality "1"]

1. e4 e6 2. d4 d5 3. e5 c5 4. Qg4 Qa5+ 5. Nd2 Nc6 6. c3 Nh6 7. Qd1 c4 8. f4 Nf5 9. Ndf3 Be7 10. g3 Bd7 11. Bg2 0-0-0 12. Ne2 f6 13. 0-0 h5 14. Bd2 Qa6 15. b4 Nb8 16. a4 Rdf8 17. b5 Qa5 18. Qc2 h4 19. g4 h3 20. gxf5 hxg2 21. Kxg2 exf5 22. Ng3 Qd8 23. Rae1 g6 24. e6 Be8 25. Rh1 a6 26. Rb1 a5 27. Rbe1 Rh7 28. Ref1 Qb6 29. Bc1 Bd6 30. Nxf5 gxf5 31. Qxf5 Re7 32. Qxd5 Qc7 33. f5 Bh5 34. Nd2 Rd8 35. Qxc4 Bg4 1/2-1/2

[Event "Montpellier op La Diagonale 3rd"]
[Site "Montpellier"]
[Date "2008.12.28"]
[Round "5"]
[White "Louche, Herve"]
[Black "Buscara, Sevan"]
[Result "0-1"]
[WhiteElo "1836"]
[BlackElo "2245"]
[PlyCount "126"]
[EventDate "2008.12.27"]
[EventType "swiss"]
[EventRounds "9"]
[EventCountry "FRA"]
[SourceTitle "EXT 2010"]
[Source "ChessBase"]
[SourceDate "2010.11.25"]
[SourceVersion "1"]
[SourceVersionDate "2010.11.25"]
[SourceQuality "1"]

1. d4 d5 2. Nf3 Nf6 3. Bf4 c5 4. e3 Nc6 5. c3 Qb6 6. Qb3 c4 7. Qc2 Bf5 8. Qc1 e6 9. Be2 Be7 10. 0-0 0-0 11. Nbd2 Qd8 12. Ne5 Nxe5 13. Bxe5 b5 14. f3 Nd7 15. Bg3 a5 16. e4 Bg6 17. Bd1 b4 18. Bc2 bxc3 19. bxc3 a4 20. e5 a3 21. f4 Bxc2 22. Qxc2 Nb6 23. f5 exf5 24. Qxf5 Na4 25. Rf3 Ra6 26. Raf1 Qb6 27. Bf2 Qe6 28. Qc2 Qg6 29. Qc1 Bg5 30. Be3 Bxe3+ 31. Rxe3 Nb2 32. Rg3 Qh6 33. Rh3 Qb6 34. Qe1 Nd3 35. Qh4 Qg6 36. Rg3 Qh6 37. Qxh6 Rxh6 38. Rb1 Nb2 39. Nf1 Rg6 40. Rf3 f6 41. e6 Re8 42. Ne3 Rg5 43. Nc2 Rxe6 44. Nxa3 Re2 45. Rf2 Rxf2 46. Kxf2 Nd3+ 47. Kg1 Rf5 48. Rf1 Rxf1+ 49. Kxf1 Kf7 50. Nc2 Ke6 51. Ke2 g6 52. Nb4 Nxb4 53. cxb4 Kd6 54. b5 Kc7 55. Ke3 Kb6 56. a4 h5 57. g3 g5 58. h3 f5 59. h4 f4+ 60. gxf4 gxh4 61. f5 h3 62. f6 h2 63. f7 h1Q 0-1

[Event "FRA-chT2 South 0708"]
[Site "France"]
[Date "2008.04.06"]
[Round "11.7"]
[White "Ollier, Milan"]
[Black "Louche, Herve"]
[Result "1-0"]
[WhiteElo "1893"]
[BlackElo "1866"]
[PlyCount "61"]
[EventDate "2007.10.21"]
[EventType "team"]
[EventRounds "11"]
[EventCountry "FRA"]
[SourceTitle "EXT 2009"]
[Source "ChessBase"]
[SourceDate "2008.11.26"]
[SourceVersion "1"]
[SourceVersionDate "2008.11.26"]
[SourceQuality "1"]
[WhiteTeam "Chamalieres"]
[BlackTeam "Montpellier Diagonale"]
[WhiteTeamCountry "FRA"]
[BlackTeamCountry "FRA"]

1. e4 c5 2. Nc3 Nc6 3. g3 g6 4. Bg2 Bg7 5. d3 d6 6. Be3 e5 7. Qd2 Nge7 8. Bh6 0-0 9. h4 Bxh6 10. Qxh6 f6 11. Qd2 Rb8 12. h5 g5 13. h6 Ng6 14. Nge2 Nd4 15. 0-0-0 b5 16. Rdf1 Be6 17. Nd5 Bxd5 18. exd5 b4 19. Nxd4 cxd4 20. f4 Qc7 21. fxg5 b3 22. axb3 Rxb3 23. Kb1 Rc3 24. Rxf6 Rb8 25. Rxg6+ hxg6 26. h7+ Kh8 27. Qf2 Qb7 28. Qf6+ Qg7 29. Qxg7+ Kxg7 30. h8Q+ Rxh8 31. Rxh8 1-0

[Event "FRA-chT2"]
[Site "France"]
[Date "2002.01.20"]
[Round "6"]
[White "Montroig, Marco"]
[Black "Louche, Herve"]
[Result "1-0"]
[WhiteElo "2136"]
[BlackElo "1820"]
[PlyCount "97"]
[EventDate "2002.??.??"]
[EventType "team"]
[EventRounds "11"]
[EventCountry "FRA"]
[SourceTitle "EXT 2003"]
[Source "ChessBase"]
[SourceDate "2002.11.25"]
[SourceVersion "1"]
[SourceVersionDate "2002.11.25"]
[SourceQuality "1"]

1. d4 c5 2. d5 Nf6 3. Nf3 g6 4. Nc3 Bg7 5. e4 d6 6. Bb5+ Nbd7 7. a4 0-0 8. h3 a6 9. Be2 b6 10. Bf4 Bb7 11. 0-0 Qc7 12. Qd2 Rfc8 13. Bh6 c4 14. Bxg7 Kxg7 15. Nd4 Nc5 16. f3 Kg8 17. Qg5 Qd8 18. Nf5 Rc7 19. Ne3 e6 20. Bxc4 Kg7 21. dxe6 Nxe6 22. Bxe6 fxe6 23. Rad1 Rc5 24. Qf4 d5 25. Rd4 Qe7 26. exd5 e5 27. Qg5 Bc8 28. Re4 Nxd5 29. Qxe5+ Qxe5 30. Rxe5 Nxc3 31. Rxc5 Ne2+ 32. Kf2 bxc5 33. Kxe2 Rb8 34. b3 Be6 35. Rd1 Rc8 36. Rd6 Kf7 37. Rxa6 c4 38. b4 c3 39. b5 Re8 40. Rc6 Ra8 41. Ra6 Rd8 42. Rc6 Rd2+ 43. Ke1 Rd4 44. a5 Rb4 45. b6 Rb5 46. a6 Bd7 47. Rc7 Ke6 48. a7 Rb1+ 49. Kf2 1-0